02522 2201069 4500001002100000005001500021035002000036007000300056008004100059020002200100082000800122084001900130100002200149245003100171260003100202300001900233990001600252990001600268990001600284990001600300990001600316990001600332990001600348990001600364990001600380990001600396990001600412990001600428990001600444990001600460990001600476990001600492990001600508990001600524990001600540990001600556990001600572990001600588990001600604990001600620990001600636990001600652990001600668990001600684990001600700990001600716990001600732990001600748990001600764990001600780990001600796990001600812990001600828990001600844990001600860990001600876990001600892990001600908990001600924990001600940990001600956990001600972990001600988990001601004990001601020990001601036990001601052990001601068990001601084990001601100990001601116990001601132990001601148990001601164990001601180990001601196990001601212990001601228990001601244990001601260990001601276990001601292990001601308990001601324990001601340990001601356990001601372990001601388990001601404990001601420990001601436INLIS00000000000180920240824104542 a0010-0824000015ta240824 g 0 ind  a978-623-266-619-1 a574 a574 IRN i.c.750 aIrnaningtyas, dkk1 aIPA Biologi Kelas X Kurmer aJakarta :bErlangga,c2022 a342 ;c24.5 cm a2024/P/0944 a2024/P/0945 a2024/P/0946 a2024/P/0947 a2024/P/0948 a2024/P/0949 a2024/P/0950 a2024/P/0951 a2024/P/0952 a2024/P/0953 a2024/P/0954 a2024/P/0955 a2024/P/0956 a2024/P/0957 a2024/P/0958 a2024/P/0959 a2024/P/0960 a2024/P/0961 a2024/P/0962 a2024/P/0963 a2024/P/0964 a2024/P/0965 a2024/P/0966 a2024/P/0967 a2024/P/0968 a2024/P/0969 a2024/P/0970 a2024/P/0971 a2024/P/0972 a2024/P/0973 a2024/P/0974 a2024/P/0975 a2024/P/0976 a2024/P/0977 a2024/P/0978 a2024/P/0979 a2024/P/0980 a2024/P/0981 a2024/P/0982 a2024/P/0983 a2024/P/0984 a2024/P/0985 a2024/P/0986 a2024/P/0987 a2024/P/0988 a2024/P/0989 a2024/P/0990 a2024/P/0991 a2024/P/0992 a2024/P/0993 a2024/P/0994 a2024/P/0995 a2024/P/0996 a2024/P/0997 a2024/P/0998 a2024/P/0999 a2024/P/1000 a2024/P/1001 a2024/P/1002 a2024/P/1003 a2024/P/1004 a2024/P/1005 a2024/P/1006 a2024/P/1007 a2024/P/1008 a2024/P/1009 a2024/P/1010 a2024/P/1011 a2024/P/1012 a2024/P/1013 a2024/P/1014 a2024/P/1015 a2024/P/1016 a2024/P/1017 a2024/P/1018